Cantique suisse - Statistiques

Statistiques générales
  • Ce quiz a été pris 234 fois
  • Le résultat moyen est 34 sur 48
Statistiques - réponses
Lyrics % Correct
le
99%
le
99%
à
98%
soleil
97%
un
96%
nos
94%
quand
93%
Sur
93%
monts,
92%
réveil,
91%
Annonce
90%
brillant
90%
Et
82%
la
82%
beau
79%
jour
79%
de
76%
retour,
75%
plus
74%
plus
74%
plus
74%
Les
72%
Les
72%
Les
72%
d’un
71%
d’un
71%
d’un
71%
prédit
69%
patrie
66%
cœur
60%
cœur
60%
Au
56%
Au
56%
pieux,
56%
pieux.
56%
beautés
55%
ciel
55%
ciel
55%
joyeux
55%
joyeux
55%
attendrie;
54%
accents
50%
accents
50%
montent
50%
montent
50%
émus
49%
l’âme
48%
Parlent
45%
Aucun quiz correspondant
Distribution des résultats
% des personnes avec chaque résultat
Percentile par nombre de réponses
Votre historique - résultats
Vous n’avez pas pris ce quiz